By the Numbers Quiz Stats

 Plays Quiz Updated Jun 19, 2018

Score 0/20 Timer 05:00
0 Plays Today
Hint Number % Correct
Disney's spotted dogs101 Dalmatians
94.4%
'Sweet' birthday age16
93%
Emergency telephone number for the North American Numbering Plan911
84.8%
The 3rd manned mission by NASA intended to land on the moonApollo 13
80%
Michael Jordan's (retired) jersey number23
76%
Number of Baskin Robbins original flavors31
73.8%
Damien's birthmark in 'The Omen'666
72.5%
The band that sang 'Love Shack'The B-52's
70.3%
The speed needed to activate the DeLorean time machine in Back to the Future88mph
57.6%
The answer to the ultimate question of Life, the Universe, and Everything42
53.9%
Hint Number % Correct
Jenny, don't change your number867-5309
53.9%
The speed in which Sammy Hagar is unable to drive55
50.6%
According to Ray Bradbury, the temperature in Fahrenheit at which book paper auto-ignitesFahrenheit 451
47.5%
Car ___ Where are you?54
43.9%
Starting amount of money in Monopoly$1500
37.5%
Levis shrink-to-fit jeans501
37.3%
Newsmagazine TV Show once hosted by Hugh Downs Barbara Walters 20/20
33%
The number on the side of Herbie the Love Bug53
30.4%
California Penal Code section that defines murder187
18%
Sherlock Holmes address221B Baker Street
13.8%

You're not logged in!

Compare scores with friends on all Sporcle quizzes.
OR
Log In

Sporcle TV

Today on Sporcle TV


Watch our educational content, quiz creation guides, and fun videos on Sporcle TV.

Show Comments

Extras

Top Quizzes Today


Score Distribution

Your Account Isn't Verified!

In order to create a playlist on Sporcle, you need to verify the email address you used during registration. Go to your Sporcle Settings to finish the process.

Report this User

Report this user for behavior that violates our Community Guidelines.

Details: